El autodeterminismo : guía para encontrarse a si mismo : un nuevo concepto sobre el mundo y la existencia y un nuevo sistema político y económico /

Detalles Bibliográficos
Autores principales: Castejón Gordo, Francisco (Autor), Marquino Ramos, Jesús (Autor)
Formato: Electrónico eBook
Lenguaje:español
Publicado: San Vicente (Alicante) : Editorial Club Universitario, [2004]
Materias:
Acceso en línea:Digitalia Hispánica

MARC

LEADER 00000nam a2200000Ii 4500
001 DIGECU0478
003 NyNyDIG
006 m o d
007 cr |||||||||||
008 250808s2004 sp ob 000 0 spa d
035 |a (OCoLC)1531391169 
040 |a DGITA  |b eng  |e rda  |e pn  |c DGITA 
020 |a 9788499481111  |q eBook 
020 |z 9788484543749  |q edición en papel 
050 1 4 |a BD450 ebook 
100 1 |a Castejón Gordo, Francisco,  |e author. 
245 1 3 |a El autodeterminismo :  |b guía para encontrarse a si mismo : un nuevo concepto sobre el mundo y la existencia y un nuevo sistema político y económico /  |c Francisco Castejón Gordo, Jesús Marquino Ramos. 
246 3 0 |a Guía para encontrarse a si mismo 
264 1 |a San Vicente (Alicante) :  |b Editorial Club Universitario,  |c [2004] 
300 |a 1 online resource. 
336 |a text  |b txt  |2 rdacontent 
337 |a computer  |b c  |2 rdamedia 
338 |a online resource  |b cr  |2 rdacarrier 
347 |a text file  |2 rdaft 
347 |b PDF 
504 |a Includes bibliographical references. 
588 0 |a Online resource; title from PDF title page (Digitalia, viewed August 8, 2025) 
650 0 |a Philosophical anthropology. 
650 0 |a Existentialism.  
700 1 |a Marquino Ramos, Jesús,  |e author. 
791 2 |a Digitalia (Firm),  |e distributor. 
793 0 |g Digitalia eBook Collection:  |a Editorial Club Universitario (ECU) 
776 0 8 |i Print version:  |a Castejón Gordo, Francisco.  |t Autodeterminismo.  |d San Vicente (Alicante) : Editorial Club Universitario, [2004]  |z 9788484543749 
856 4 0 |3 Digitalia Hispánica  |u https://www.digitaliapublishing.com/a/171049/ 
910 |a Premium collection: 2025